Tanwīrul 'ainain fī Ithbati Raf'ul Yadain : / تنوير العينين في اثبات رفع اليدين (Record no. 29724)
[ view plain ]
| 000 -LEADER | |
|---|---|
| fixed length control field | 00565nam a22001817a 4500 |
| 003 - CONTROL NUMBER IDENTIFIER | |
| control field | BDDh-ASL |
| 005 - DATE AND TIME OF LATEST TRANSACTION | |
| control field | 20231015031048.0 |
| 008 - FIXED-LENGTH DATA ELEMENTS--GENERAL INFORMATION | |
| fixed length control field | 221219n xx ||||| |||| 00| 0 a d |
| 040 ## - CATALOGING SOURCE | |
| Original cataloging agency | BDDh-ASL |
| Transcribing agency | BDDh-ASL |
| 041 ## - LANGUAGE CODE | |
| Language code of text/sound track or separate title | ara |
| 082 ## - DEWEY DECIMAL CLASSIFICATION NUMBER | |
| Classification number | 297 |
| Item number | SHT |
| 100 1# - MAIN ENTRY--PERSONAL NAME | |
| Personal name | Shahid, Haji Mohammad Ismail |
| 9 (RLIN) | 6785 |
| 245 10 - TITLE STATEMENT | |
| Title | Tanwīrul 'ainain fī Ithbati Raf'ul Yadain : / تنوير العينين في اثبات رفع اليدين |
| 260 ## - PUBLICATION, DISTRIBUTION, ETC. | |
| Name of publisher, distributor, etc. | Rahmani Press , |
| Date of publication, distribution, etc. | 1834/1256H. |
| 300 ## - PHYSICAL DESCRIPTION | |
| Extent | 144 p. : |
| Dimensions | 24 cm. |
| 650 #0 - SUBJECT ADDED ENTRY--TOPICAL TERM | |
| Topical term or geographic name entry element | Islamic Discourse |
| 9 (RLIN) | 5142 |
| 942 ## - ADDED ENTRY ELEMENTS (KOHA) | |
| Source of classification or shelving scheme | Dewey Decimal Classification |
| Koha item type | Books |
| Withdrawn status | Lost status | Source of classification or shelving scheme | Damaged status | Not for loan | Collection code | Home library | Current library | Shelving location | Date acquired | Source of acquisition | Serial Enumeration / chronology | Total Checkouts | Full call number | Barcode | Date last seen | Copy number | Price effective from | Koha item type | Public note |
|---|---|---|---|---|---|---|---|---|---|---|---|---|---|---|---|---|---|---|---|
| Dewey Decimal Classification | Not For Loan | Non-fiction | Asiatic Society Library | Asiatic Society Library | General Stacks | 12/19/2022 | ASB Library Collection | A-0025 | 297 SHT | 117921 | 12/19/2022 | C-1 | 12/19/2022 | Books | Y-1834 |